Todos los Países Modernos que han sido Controlados por los Franceses - Estadísticas

Estadísticas generales
  • Esta prueba ha sido intentada 1.333 veces
  • La puntuación promedio es 109 de 120
Respuestas en el mapa
Las respuestas están codificadas por una escala verde-roja en el mapa de la prueba según el % correcto abajo.
 
Estadísticas de respuestas
País % Correcto
Estados Unidos
99%
Canadá
98%
España
98%
Francia
98%
México
98%
Argentina
97%
Bolivia
97%
Brasil
97%
Chile
97%
Colombia
97%
Cuba
97%
Ecuador
97%
Guyana
97%
Panamá
97%
Paraguay
97%
Perú
97%
Portugal
97%
Uruguay
97%
Venezuela
97%
Alemania
96%
Bélgica
96%
Haití
96%
Honduras
96%
India
96%
Irlanda
96%
Italia
96%
Madagascar
96%
Polonia
96%
Reino Unido
96%
Surinam
96%
Andorra
95%
Argelia
95%
Bielorrusia
95%
China
95%
Costa Rica
95%
Egipto
95%
El Salvador
95%
Grecia
95%
Guatemala
95%
Marruecos
95%
Nicaragua
95%
Noruega
95%
Países Bajos
95%
República Dominicana
95%
Rusia
95%
Suecia
95%
Austria
94%
Estonia
94%
Letonia
94%
Lituania
94%
Mónaco
94%
Suiza
94%
Turquía
94%
Ucrania
94%
Vietnam
94%
Croacia
93%
Eslovenia
93%
Filipinas
93%
Hungría
93%
Níger
93%
República Checa
93%
Rumania
93%
Túnez
93%
Albania
92%
Australia
92%
Chad
92%
Ciudad del Vaticano
92%
Eslovaquia
92%
Israel
92%
Libia
92%
San Marino
92%
Siria
92%
Bosnia y Herzegovina
91%
Chipre
91%
Guinea
91%
Laos
91%
Malí
91%
Mauritania
91%
Serbia
91%
Liechtenstein
90%
Luxemburgo
90%
Senegal
90%
Sri Lanka
90%
Tailandia
90%
República del Congo
89%
Camboya
88%
Camerún
88%
Líbano
88%
República Centroafricana
88%
Taiwán
88%
Costa de Marfil
87%
Kosovo
87%
Macedonia del Norte
87%
Togo
87%
Bangladés
86%
Guinea Ecuatorial
86%
Malta
86%
Benín
85%
Gabón
85%
Gambia
85%
Yemen
85%
Burkina Faso
84%
Jordania
84%
Antigua y Barbuda
83%
Bulgaria
83%
Nigeria
83%
Santa Lucía
83%
Dominica
82%
Kenia
82%
Mauricio
81%
Seychelles
81%
Granada
80%
Moldavia
80%
San Vicente y las Granadinas
80%
Yibuti
80%
Santo Tomé y Príncipe
79%
Comoras
78%
San Cristóbal y Nieves
78%
Trinidad y Tobago
74%
Vanuatu
73%
No se encontraron pruebas coincidentes
Distribución de puntuación
Porcentaje de gente con cada puntuación
Porcentaje por número respondido
Historial de tus puntuaciones
No has intentado esta prueba.